000 00612nam a2200229 a 4500
001 nice12345678
003 IN_TiNIC
005 20260116014313.0
008 070411s2007 noia grp 000 0 eng
020 _a
_c250
082 0 0 _a350.9
_bFOG
100 _aGogla, Manoj
245 _aSocial Accountability Standards for Voluntary Organisations
260 _aNoida
_bFinancial Management Service Foundationnoida
_c2007
300 _a328p
500 _aincludes index and biblioraphy
650 _aAccountability-Public
700 1 _aGogla, Manoj
902 _bSRS
942 _cBK
999 _c14729
_d14729